[Event "2014 Asian Club Chess Championship"]
[Site "?"]
[Date "2014.06.21"]
[Round "1.1"]
[White "Kotsur, Pavel"]
[Black "Zelesco, Karl"]
[Result "1-0"]
[WhiteElo "2558"]
[BlackElo "2274"]
[PlyCount "77"]
[EventDate "2014.06.21"]

1. Nf3 d5 2. d4 Nf6 3. c4 c6 4. e3 Bf5 5. Nc3 a6 6. Be2 h6 7. Qb3 Ra7 8. c5
Nbd7 9. Na4 e5 10. dxe5 Ne4 11. O-O Qc7 12. Qd1 Nexc5 13. Nxc5 Bxc5 14. Bd2 Bg4
15. Rc1 Bb6 16. Bc3 Bxf3 17. gxf3 Nxe5 18. f4 Nd7 19. Kh1 Nf6 20. Be5 Qe7 21.
Qb3 Bd8 22. Rg1 Ne4 23. f3 Nf2+ 24. Kg2 Qh4 25. Rgf1 Nh3 26. Qc2 Qh5 27. Bxg7
Rg8 28. Qh7 Rxg7+ 29. Qxg7 Bb6 30. Qg4 Qxg4+ 31. fxg4 Bxe3 32. Kxh3 Bxc1 33.
Rxc1 Kd7 34. g5 Ra8 35. Kg4 Rg8 36. h4 f6 37. Bd3 fxg5 38. fxg5 hxg5 39. h5 1-0

[Event "2014 Asian Club Chess Championship"]
[Site "?"]
[Date "2014.06.21"]
[Round "1.1"]
[White "Sandler, Leonid"]
[Black "Khusnutdinov, Rustam"]
[Result "0-1"]
[WhiteElo "2273"]
[BlackElo "2482"]
[PlyCount "88"]
[EventDate "2014.06.21"]

1. e4 e6 2. d4 d5 3. Nc3 Nf6 4. e5 Nfd7 5. f4 c5 6. Nf3 Nc6 7. Be3 cxd4 8. Nxd4
Bc5 9. Qd2 O-O 10. Be2 a6 11. a3 Nxd4 12. Bxd4 b5 13. Bxc5 Nxc5 14. Qd4 Qc7 15.
g3 Qe7 16. O-O-O Rb8 17. Kb1 Nd7 18. Na2 a5 19. b4 Nb6 20. Rhf1 axb4 21. axb4
Qa7 22. Rf3 Ra8 23. Qb2 Bd7 24. Nc3 Qb7 25. Rd4 Rfb8 26. Kc1 Nc4 27. Bxc4 bxc4
28. Kd2 Ra6 29. Rf1 Qa7 30. Ke3 f6 31. Rfd1 fxe5 32. fxe5 Qc7 33. Kf2 Qxe5 34.
Qc1 Rxb4 35. Qd2 Rb2 36. Kg1 h6 37. Re1 Qf5 38. Ne4 Raa2 39. Rf1 Rxc2 40. Rxf5
Rxd2 41. Nxd2 exf5 42. Rxd5 c3 43. Nb3 Be6 44. Rd8+ Kh7 0-1

[Event "2014 Asian Club Chess Championship"]
[Site "?"]
[Date "2014.06.21"]
[Round "1.2"]
[White "Sethuraman, S.P."]
[Black "Nolte, Rolando"]
[Result "1-0"]
[WhiteElo "2576"]
[BlackElo "2395"]
[PlyCount "73"]
[EventDate "2014.06.21"]

1. e4 c5 2. Nf3 d6 3. d4 cxd4 4. Nxd4 Nf6 5. Nc3 a6 6. Be3 e6 7. f3 b5 8. Qd2
Nbd7 9. g4 h6 10. O-O-O Bb7 11. h4 b4 12. Na4 Qa5 13. b3 Nc5 14. a3 Rc8 15.
axb4 Nxb3+ 16. Nxb3 Qxa4 17. Kb2 d5 18. c3 dxe4 19. Ra1 Qd7 20. Qxd7+ Nxd7 21.
Na5 Bd5 22. Bxa6 Rb8 23. fxe4 Bxe4 24. Rhe1 Bd5 25. Bf4 Ra8 26. Bb5 g5 27. Rad1
Kd8 28. hxg5 hxg5 29. Bxg5+ f6 30. Bf4 Rh4 31. Rxd5 exd5 32. Nc6+ Kc8 33. Re8+
Kb7 34. Nd8+ Kb6 35. Bxd7 Bh6 36. Re6+ Ka7 37. Bc7 1-0

[Event "2014 Asian Club Chess Championship"]
[Site "?"]
[Date "2014.06.21"]
[Round "1.4"]
[White "Rahman, Md. Taibur"]
[Black "Zhang, Xiaowen"]
[Result "1/2-1/2"]
[WhiteElo "2294"]
[BlackElo "2383"]
[PlyCount "79"]
[EventDate "2014.06.21"]

1. d4 g6 2. c4 Bg7 3. Nf3 Nf6 4. Nc3 d6 5. e4 O-O 6. Be2 e5 7. O-O Nc6 8. d5
Ne7 9. Ne1 Nd7 10. Be3 f5 11. f3 f4 12. Bf2 g5 13. Nb5 a6 14. Na7 Rxa7 15. Bxa7
b6 16. b4 Bb7 17. c5 dxc5 18. Rc1 cxb4 19. Qa4 a5 20. Bb5 Nf6 21. Qc2 Bxd5 22.
exd5 Nfxd5 23. Bc4 Kh8 24. Rd1 Qa8 25. Bxd5 Nxd5 26. Rxd5 Qxd5 27. Qxc7 Qxa2
28. Bxb6 b3 29. Nd3 Qe2 30. Nc1 Qb5 31. Nxb3 Qxb3 32. Bxa5 e4 33. fxe4 Bd4+ 34.
Kh1 Qd3 35. Qc1 Qxe4 36. Bc3 Qe5 37. Re1 Qf6 38. Bxd4 Qxd4 39. h3 Qf6 40. Qa1
1/2-1/2

[Event "Asian Club CUp 2014"]
[Site "?"]
[Date "2014.06.22"]
[Round "2.3"]
[White "ZELESCO, Karl"]
[Black "ZHANG, Xiaowen"]
[Result "0-1"]
[LiveChessVersion "1.4.3"]
[BlackElo "2383"]
[WhiteElo "2274"]

1. d4 {[%clk 1:30:56]} Nf6 {[%clk 1:30:47]} 2. Bg5 {[%clk 1:31:17]} d5
{[%clk 1:29:41]} 3. Bxf6 {[%clk 1:31:25]} exf6 {[%clk 1:30:04]} 4. e3
{[%clk 1:31:46]} f5 {[%clk 1:30:08]} 5. g3 {[%clk 1:31:32]} Nd7 {[%clk 1:30:19]}
6. Bg2 {[%clk 1:31:35]} Nf6 {[%clk 1:30:42]} 7. Ne2 {[%clk 1:31:51]} Be6
{[%clk 1:30:29]} 8. Qd3 {[%clk 1:30:34]} c6 {[%clk 1:30:51]} 9. Nd2
{[%clk 1:30:18]} Qb6 {[%clk 1:26:19]} 10. b3 {[%clk 1:27:56]} Ne4
{[%clk 1:17:21]} 11. O-O {[%clk 1:21:39]} h5 {[%clk 1:16:42]} 12. c4
{[%clk 1:14:56]} h4 {[%clk 1:09:32]} 13. Nf4 {[%clk 1:12:18]} g5 {[%clk 1:04:59]}
14. cxd5 {[%clk 1:03:22]} cxd5 {[%clk 1:05:23]} 15. Nxe6 {[%clk 1:03:47]} fxe6
{[%clk 1:05:46]} 16. Rac1 {[%clk 1:03:43]} Bd6 {[%clk 0:59:59]} 17. Nxe4
{[%clk 0:53:02]} dxe4 {[%clk 1:00:19]} 18. Qc3 {[%clk 0:52:21]} h3
{[%clk 0:58:31]} 19. Bh1 {[%clk 0:38:10]} g4 {[%clk 0:58:49]} 20. d5
{[%clk 0:38:34]} e5 {[%clk 0:59:09]} 21. Qc2 {[%clk 0:38:30]} Qd8
{[%clk 0:44:12]} 22. f3 {[%clk 0:32:39]} gxf3 {[%clk 0:42:30]} 23. Bxf3
{[%clk 0:32:54]} Qg5 {[%clk 0:40:21]} 24. Bh1 {[%clk 0:22:27]} Qxe3+
{[%clk 0:39:14]} 25. Qf2 {[%clk 0:22:52]} Qxf2+ {[%clk 0:39:29]} 26. Rxf2
{[%clk 0:23:05]} O-O {[%clk 0:36:57]} 27. Rc4 {[%clk 0:13:47]} b6
{[%clk 0:35:23]} 28. Re2 {[%clk 0:10:39]} Bc5+ {[%clk 0:33:34]} 29. Kf1
{[%clk 0:10:53]} a5 {[%clk 0:32:40]} 30. Ke1 {[%clk 0:09:57]} Rad8
{[%clk 0:30:42]} 31. g4 {[%clk 0:09:08]} Rxd5 {[%clk 0:25:05]} 32. gxf5
{[%clk 0:07:56]} Bb4+ {[%clk 0:25:24]} 33. Kf2 {[%clk 0:03:57]} Rxf5+
{[%clk 0:25:48]} 34. Kg3 {[%clk 0:04:22]} Rd1 {[%clk 0:18:05]} 35. Rc8+
{[%clk 0:01:33]} Kf7 {[%clk 0:18:14]} 36. Rc7+ {[%clk 0:01:28]} Be7
{[%clk 0:17:09]} 37. Rxe7+ {[%clk 0:01:30]} Kxe7 {[%clk 0:17:35]} 38. Bxe4
{[%clk 0:01:56]} Rg1+ {[%clk 0:17:44]} 39. Kh4 {[%clk 0:02:19]} Rf8
{[%clk 0:14:53]} 40. Bh7 {[%clk 0:02:43]} Ke6 {[%clk 0:13:18]} 41. Rc2
{[%clk 0:02:39]} Rh8 {[%clk 0:10:44]} 42. Rc6+ {[%clk 0:03:05]} Ke7
{[%clk 0:09:54]} 43. Rc7+ {[%clk 0:03:13]} Kd6 {[%clk 0:10:21]} 44. Rb7
{[%clk 0:03:31]} Kc6 {[%clk 0:09:58]} 45. Re7 {[%clk 0:03:42]} e4
{[%clk 0:09:49]} 46. Kh5 {[%clk 0:02:05]} Kd6 {[%clk 0:10:09]} 47. Rb7
{[%clk 0:02:08]} e3 {[%clk 0:10:29]} 0-1

[Event "Asian Club CUp 2014"]
[Site "?"]
[Date "2014.06.22"]
[Round "2.5"]
[White "SALEM, A.R. Saleh"]
[Black "HOSSAIN, Enamul"]
[Result "1-0"]
[LiveChessVersion "1.4.3"]
[BlackElo "2424"]
[WhiteElo "2581"]

1. d4 d5 2. c4 c6 3. Nc3 Nf6 4. Nf3 dxc4 5. e4 b5 6. e5 Nd5 7. a4 e6 8. Be2 Be7
9. O-O Nxc3 10. bxc3 a5 11. Qc2 O-O 12. Re1 b4 13. Bxc4 bxc3 14. Bd3 g6 15. Bh6
Re8 16. Re4 Ba6 17. h4 Bxd3 18. Qxd3 Na6 19. Qxc3 c5 20. Ng5 Ra7 21. Rf4 cxd4 22.
Rxd4 Qc8 23. Qf3 Bf8 24. Bxf8 Rxf8 25. Ne4 Rc7 26. Nf6+ Kg7 27. Rad1 Rc1 28. Nd7
Rxd1+ 29. Rxd1 Re8 30. Qf6+ Kg8 31. Qg5 Qc2 32. Nf6+ 1-0

[Event "Asian Club CUp 2014"]
[Site "?"]
[Date "2014.06.22"]
[Round "2.7"]
[White "FAISAL, Abdulla Kashwani"]
[Black "RAHMAN, Md. Taibur"]
[Result "1-0"]
[LiveChessVersion "1.4.3"]
[BlackElo "2294"]
[WhiteElo "2270"]

1. e4 c5 2. Nf3 Nc6 3. d4 cxd4 4. Nxd4 e5 5. Nb5 d6 6. Be3 Nf6 {[%clk 1:27:59]}
7. Bg5 {[%clk 1:27:48]} Be6 {[%clk 1:19:57]} 8. Nd2 {[%clk 1:23:13]} a6
{[%clk 1:15:13]} 9. Nc3 {[%clk 1:22:13]} Be7 {[%clk 1:13:15]} 10. Bxf6
{[%clk 1:20:26]} Bxf6 {[%clk 1:09:38]} 11. Nc4 {[%clk 1:20:33]} Nd4
{[%clk 1:09:25]} 12. Bd3 {[%clk 1:19:16]} Bg5 {[%clk 1:07:52]} 13. Nd5
{[%clk 1:09:57]} O-O {[%clk 1:04:12]} 14. Nce3 {[%clk 1:07:45]} g6
{[%clk 0:59:33]} 15. c3 {[%clk 1:01:42]} Nc6 {[%clk 0:59:52]} 16. O-O
{[%clk 1:02:03]} Ne7 {[%clk 0:57:05]} 17. Bc4 {[%clk 0:56:44]} Kg7
{[%clk 0:43:53]} 18. Qd3 {[%clk 0:51:06]} Bxd5 {[%clk 0:42:13]} 19. Nxd5
{[%clk 0:50:49]} Nxd5 {[%clk 0:42:24]} 20. Bxd5 {[%clk 0:47:17]} Qb6
{[%clk 0:41:37]} 21. Qe2 {[%clk 0:47:12]} f5 {[%clk 0:41:30]} 22. exf5 Rxf5
{[%clk 0:41:31]} 23. g3 {[%clk 0:40:38]} Raf8 {[%clk 0:41:45]} 24. Kg2
{[%clk 0:40:36]} h5 {[%clk 0:32:53]} 25. Rad1 {[%clk 0:35:26]} h4
{[%clk 0:31:49]} 26. f3 {[%clk 0:34:32]} Rh8 {[%clk 0:29:00]} 27. Be4
{[%clk 0:32:45]} Rf6 {[%clk 0:26:42]} 28. Rd5 {[%clk 0:23:15]} Qd8
{[%clk 0:18:08]} 29. f4 {[%clk 0:15:36]} hxg3 {[%clk 0:16:53]} 30. hxg3
{[%clk 0:16:00]} Qc8 {[%clk 0:10:24]} 31. Kg1 {[%clk 0:13:35]} Bh6
{[%clk 0:03:12]} 32. fxe5 {[%clk 0:06:50]} Rxf1+ {[%clk 0:03:27]} 33. Kxf1
{[%clk 0:07:10]} Qh3+ {[%clk 0:02:58]} 34. Qg2 {[%clk 0:07:33]} Rf8+
{[%clk 0:03:11]} 35. Ke1 {[%clk 0:05:38]} Qg4 {[%clk 0:02:40]} 36. Rxd6
{[%clk 0:05:11]} Qg5 {[%clk 0:02:11]} 37. Rxg6+ {[%clk 0:05:33]} 1-0

[Event "Asian Club CUp 2014"]
[Site "?"]
[Date "2014.06.22"]
[Round "2.8"]
[White "ISLAM, Kh. Aminul"]
[Black "SAEED, Ishaq"]
[Result "*"]
[LiveChessVersion "1.4.3"]
[BlackElo "2227"]
[WhiteElo "2277"]

1. d4 {[%clk 1:30:49]} d5 {[%clk 1:30:54]} 2. c4 {[%clk 1:31:08]} c6
{[%clk 1:31:18]} 3. Nf3 {[%clk 1:31:14]} Nf6 {[%clk 1:31:39]} 4. e3
{[%clk 1:31:36]} Ne4 {[%clk 1:31:56]} 5. Bd3 {[%clk 1:31:31]} e6 {[%clk 1:31:35]}
6. O-O {[%clk 1:31:17]} Bd6 {[%clk 1:30:30]} 7. b3 {[%clk 1:25:41]} Qe7
{[%clk 1:28:57]} 8. Bb2 {[%clk 1:25:48]} O-O {[%clk 1:29:03]} 9. Nc3
{[%clk 1:24:20]} f5 {[%clk 1:28:02]} 10. Ne2 {[%clk 1:23:50]} Nd7
{[%clk 1:28:10]} 11. Ne5 {[%clk 1:14:30]} Rf6 {[%clk 1:17:43]} 12. f3
{[%clk 0:57:35]} Ng5 {[%clk 1:18:07]} 13. f4 {[%clk 0:55:37]} Ne4
{[%clk 1:12:21]} 14. c5 {[%clk 0:51:12]} Bc7 {[%clk 1:10:29]} 15. Bxe4
{[%clk 0:44:19]} fxe4 {[%clk 1:09:40]} 16. Bc3 {[%clk 0:43:29]} Nxe5
{[%clk 0:54:07]} 17. fxe5 {[%clk 0:35:31]} Rxf1+ {[%clk 0:54:28]} 18. Qxf1
{[%clk 0:35:19]} b6 {[%clk 0:54:51]} 19. Bb4 {[%clk 0:33:34]} Ba6
{[%clk 0:53:49]} 20. Qe1 {[%clk 0:30:27]} Qe8 {[%clk 0:49:37]} 21. Nf4
{[%clk 0:29:48]} Kh8 {[%clk 0:04:30]} 22. Qg3 {[%clk 0:23:07]} Qd7
{[%clk 0:02:45]} 23. Rc1 {[%clk 0:18:20]} Re8 {[%clk 0:02:43]} 24. h4
{[%clk 0:14:10]} Bd8 {[%clk 0:02:50]} 25. h5 {[%clk 0:06:46]} Bb5
{[%clk 0:01:50]} 26. Rc2 {[%clk 0:02:33]} a5 {[%clk 0:01:03]} 27. Ba3
{[%clk 0:02:26]} Qe7 {[%clk 0:00:47]} 28. Bc1 {[%clk 0:01:56]} a4
{[%clk 0:01:01]} 29. cxb6 {[%clk 0:01:53]} axb3 {[%clk 0:01:06]} 30. axb3
{[%clk 0:02:03]} Bxb6 {[%clk 0:00:52]} 31. Qh3 {[%clk 0:01:15]} Kg8
{[%clk 0:00:58]} 32. Rf2 {[%clk 0:01:05]} Ba6 {[%clk 0:00:50]} 33. Ng6
{[%clk 0:00:47]} Qg5 {[%clk 0:00:44]} 34. Qxe6+ {[%clk 0:00:55]} Rxe6
{[%clk 0:00:35]} 35. Rf8# *

[Event "Asian Club CUp 2014"]
[Site "?"]
[Date "2014.06.22"]
[Round "2.15"]
[White "KOTSUR, Pavel"]
[Black "KUNTE, Abhijit"]
[Result "0-1"]
[LiveChessVersion "1.4.3"]
[BlackElo "2482"]
[WhiteElo "2558"]

1. Nf3 {[%clk 1:30:56]} Nf6 {[%clk 1:27:45]} 2. c4 {[%clk 1:31:04]} e6
{[%clk 1:27:54]} 3. g3 {[%clk 1:31:21]} d5 {[%clk 1:27:40]} 4. Bg2
{[%clk 1:31:40]} dxc4 {[%clk 1:28:01]} 5. Qa4+ {[%clk 1:32:01]} Nbd7
{[%clk 1:28:25]} 6. Qxc4 {[%clk 1:32:14]} a6 {[%clk 1:28:51]} 7. Qb3
{[%clk 1:32:02]} Rb8 {[%clk 1:27:15]} 8. a4 {[%clk 1:28:16]} c5 {[%clk 1:24:37]}
9. a5 {[%clk 1:28:11]} Bd6 {[%clk 1:24:58]} 10. d3 {[%clk 1:26:24]} O-O
{[%clk 1:24:54]} 11. Nbd2 {[%clk 1:26:10]} b5 {[%clk 1:24:44]} 12. axb6
{[%clk 1:26:10]} Nxb6 {[%clk 1:25:06]} 13. O-O {[%clk 1:23:09]} Nfd5
{[%clk 1:22:48]} 14. Ne4 {[%clk 1:15:43]} Be7 {[%clk 1:21:41]} 15. Bd2
{[%clk 1:15:41]} Nd7 {[%clk 1:15:03]} 16. Qc2 {[%clk 1:15:01]} Nb4
{[%clk 1:14:55]} 17. Qa4 {[%clk 1:03:07]} Bb7 {[%clk 1:09:47]} 18. Bf4
{[%clk 0:48:01]} Rc8 {[%clk 1:07:56]} 19. Qd1 {[%clk 0:42:36]} Nb6
{[%clk 1:06:21]} 20. Ne5 {[%clk 0:38:01]} Bd5 {[%clk 0:58:10]} 21. Nc3
{[%clk 0:30:05]} Bxg2 {[%clk 0:54:38]} 22. Kxg2 {[%clk 0:30:30]} Bd6
{[%clk 0:54:36]} 23. Ne4 {[%clk 0:20:02]} Bxe5 {[%clk 0:51:33]} 24. Bxe5
{[%clk 0:19:57]} Qd5 {[%clk 0:51:55]} 25. Bd6 {[%clk 0:17:50]} Rfd8
{[%clk 0:51:48]} 26. Kg1 {[%clk 0:17:56]} Rxd6 {[%clk 0:51:53]} 27. Nxd6
{[%clk 0:18:15]} Qxd6 {[%clk 0:52:15]} 28. Qb3 {[%clk 0:18:20]} h5
{[%clk 0:51:23]} 29. h4 {[%clk 0:18:16]} Nd7 {[%clk 0:50:17]} 30. Rfc1
{[%clk 0:18:28]} Rb8 {[%clk 0:50:14]} 31. Qc4 {[%clk 0:18:15]} Rb6
{[%clk 0:50:14]} 32. Rd1 {[%clk 0:18:20]} Ne5 {[%clk 0:49:24]} 33. Qe4
{[%clk 0:18:21]} Nbc6 {[%clk 0:49:32]} 34. e3 {[%clk 0:16:40]} Rb4
{[%clk 0:46:32]} 35. d4 {[%clk 0:17:03]} cxd4 {[%clk 0:46:55]} 36. f4
{[%clk 0:14:46]} Nd7 {[%clk 0:43:04]} 37. Rxa6 {[%clk 0:15:01]} Nb6
{[%clk 0:43:28]} 38. Rc1 {[%clk 0:14:54]} Ne7 {[%clk 0:43:40]} 39. exd4
{[%clk 0:10:45]} Rxd4 {[%clk 0:43:08]} 40. Qf3 {[%clk 0:10:53]} Qd5
{[%clk 0:38:27]} 41. Qxd5 {[%clk 0:11:05]} Nbxd5 {[%clk 0:38:49]} 42. Rc2
{[%clk 0:10:55]} Nf5 {[%clk 0:38:40]} 43. Kf2 {[%clk 0:11:17]} Kh7
{[%clk 0:38:09]} 44. Ra3 {[%clk 0:11:27]} Kg6 {[%clk 0:38:19]} 45. Ke1
{[%clk 0:10:58]} Nfe3 {[%clk 0:38:24]} 46. Rc1 {[%clk 0:09:46]} Rb4
{[%clk 0:37:17]} 47. b3 {[%clk 0:09:51]} Rd4 {[%clk 0:37:19]} 48. Ke2
{[%clk 0:10:03]} Nf5 {[%clk 0:37:40]} 49. Ra4 {[%clk 0:08:37]} Nxg3+
{[%clk 0:35:35]} 50. Kf2 {[%clk 0:09:01]} Nf5 {[%clk 0:32:38]} 51. Rxd4
{[%clk 0:09:16]} Nxd4 {[%clk 0:33:01]} 52. Rb1 {[%clk 0:09:41]} Kf5
{[%clk 0:33:13]} 53. b4 {[%clk 0:09:43]} Kxf4 {[%clk 0:33:20]} 54. Rb2
{[%clk 0:07:53]} Nc3 {[%clk 0:33:30]} 55. Kg2 {[%clk 0:07:49]} f5
{[%clk 0:33:41]} 56. Rd2 {[%clk 0:05:56]} Ke3 {[%clk 0:33:58]} 0-1

[Event "Asian Club CUp 2014"]
[Site "?"]
[Date "2014.06.23"]
[Round "3.1"]
[White "Sethuraman, S.P."]
[Black "Illingworth, Max"]
[Result "1-0"]
[LiveChessVersion "1.4.3"]
[BlackElo "2442"]
[WhiteElo "2576"]

1. d4 {[%clk 1:30:25]} d5 {[%clk 1:30:47]} 2. c4 {[%clk 1:30:27]} c6
{[%clk 1:31:01]} 3. Nf3 {[%clk 1:30:33]} Nf6 {[%clk 1:31:26]} 4. Nc3
{[%clk 1:30:46]} a6 {[%clk 1:31:36]} 5. e3 {[%clk 1:28:59]} Bf5 {[%clk 1:31:41]}
6. Qb3 {[%clk 1:22:02]} b5 {[%clk 1:31:30]} 7. c5 {[%clk 1:20:49]} a5
{[%clk 1:31:45]} 8. Ne5 {[%clk 1:17:14]} a4 {[%clk 1:32:09]} 9. Qd1
{[%clk 1:17:10]} g6 {[%clk 1:32:20]} 10. g4 {[%clk 1:05:09]} Be6 {[%clk 1:32:18]}
11. Bg2 {[%clk 1:00:54]} Qc7 {[%clk 1:30:27]} 12. h3 {[%clk 1:00:53]} h5
{[%clk 1:27:40]} 13. g5 {[%clk 0:57:11]} Nfd7 {[%clk 1:27:36]} 14. Nd3
{[%clk 0:57:34]} Bg7 {[%clk 1:14:29]} 15. Nf4 {[%clk 0:56:59]} Bf5
{[%clk 1:14:42]} 16. Nfxd5 {[%clk 0:51:49]} cxd5 {[%clk 1:15:06]} 17. Nxd5
{[%clk 0:52:15]} Qd8 {[%clk 1:01:57]} 18. Nc3 {[%clk 0:43:04]} Na6
{[%clk 1:00:03]} 19. O-O {[%clk 0:43:04]} O-O {[%clk 0:58:37]} 20. e4
{[%clk 0:42:02]} Be6 {[%clk 0:57:03]} 21. d5 {[%clk 0:42:13]} Naxc5
{[%clk 0:54:29]} 22. dxe6 {[%clk 0:42:37]} Nxe6 {[%clk 0:54:53]} 23. f4
{[%clk 0:37:12]} Qb6+ {[%clk 0:36:28]} 24. Kh1 {[%clk 0:36:35]} Bxc3
{[%clk 0:36:53]} 25. bxc3 {[%clk 0:36:17]} Rfd8 {[%clk 0:37:19]} 26. Qe2
{[%clk 0:35:10]} Rac8 {[%clk 0:36:14]} 27. f5 {[%clk 0:33:11]} Nec5
{[%clk 0:34:06]} 28. Bf4 {[%clk 0:19:38]} e5 {[%clk 0:26:35]} 29. Bh2
{[%clk 0:19:01]} a3 {[%clk 0:24:12]} 30. Qf3 {[%clk 0:10:23]} Na4
{[%clk 0:23:22]} 31. Rac1 {[%clk 0:10:48]} Nb2 {[%clk 0:22:14]} 32. h4
{[%clk 0:09:51]} Nc4 {[%clk 0:21:30]} 33. fxg6 {[%clk 0:07:16]} Qxg6
{[%clk 0:21:28]} 34. Qe2 {[%clk 0:07:40]} Nf8 {[%clk 0:15:01]} 35. Rf6
{[%clk 0:08:01]} Qh7 {[%clk 0:15:18]} 36. Rcf1 {[%clk 0:05:59]} Rc7
{[%clk 0:15:22]} 37. Bh3 {[%clk 0:04:31]} Rd2 {[%clk 0:14:25]} 38. Qf3
{[%clk 0:04:57]} Rxa2 {[%clk 0:07:22]} 39. Rg1 {[%clk 0:05:23]} Rb2
{[%clk 0:01:22]} 40. g6 {[%clk 0:04:29]} Nxg6 {[%clk 0:01:47]} 41. Be6
{[%clk 0:01:49]} a2 {[%clk 0:01:18]} 42. Rfxg6+ {[%clk 0:00:58]} Qxg6
{[%clk 0:01:30]} 43. Rxg6+ {[%clk 0:01:14]} Kf8 {[%clk 0:01:57]} 44. Rg1
{[%clk 0:01:03]} Rb1 {[%clk 0:02:23]} 45. Qd3 {[%clk 0:00:49]} Rxg1+
{[%clk 0:02:28]} 46. Bxg1 {[%clk 0:01:15]} Ra7 {[%clk 0:02:07]} 47. Qd8+
{[%clk 0:01:14]} Kg7 {[%clk 0:02:34]} 48. Qg5+ {[%clk 0:01:29]} Kh8
{[%clk 0:02:59]} 49. Bxc4 {[%clk 0:01:36]} a1=Q {[%clk 0:03:19]} 50. Qxe5+
{[%clk 0:01:42]} Kh7 {[%clk 0:03:38]} 51. Qxh5+ {[%clk 0:02:08]} Kg7
{[%clk 0:03:57]} 52. Qg5+ {[%clk 0:02:28]} Kh7 {[%clk 0:04:18]} 53. Qxb5
{[%clk 0:01:33]} Qe1 {[%clk 0:02:57]} 54. Qf5+ {[%clk 0:01:44]} Kg7
{[%clk 0:03:20]} 55. Qg5+ {[%clk 0:01:56]} Kh7 {[%clk 0:03:45]} 56. Bd3
{[%clk 0:01:45]} 1-0

[Event "Asian Club CUp 2014"]
[Site "?"]
[Date "2014.06.23"]
[Round "3.4"]
[White "Sandler, Leonid"]
[Black "Sengupta, Deep"]
[Result "0-1"]
[LiveChessVersion "1.4.3"]
[BlackElo "2536"]
[WhiteElo "2273"]

1. d4 {[%clk 1:30:55]} d5 {[%clk 1:30:54]} 2. c4 {[%clk 1:31:03]} c6
{[%clk 1:31:12]} 3. Nc3 {[%clk 1:26:29]} Nf6 {[%clk 1:31:18]} 4. e3
{[%clk 1:25:17]} e6 {[%clk 1:31:31]} 5. Nf3 {[%clk 1:25:21]} Nbd7
{[%clk 1:31:54]} 6. b3 {[%clk 1:23:40]} Bd6 {[%clk 1:24:26]} 7. Be2
{[%clk 1:20:32]} O-O {[%clk 1:24:33]} 8. O-O {[%clk 1:20:55]} b6 {[%clk 1:24:34]}
9. Qc2 {[%clk 1:18:35]} Bb7 {[%clk 1:24:15]} 10. e4 {[%clk 1:17:56]} dxe4
{[%clk 1:23:53]} 11. Nxe4 {[%clk 1:17:04]} Nxe4 {[%clk 1:23:59]} 12. Qxe4
{[%clk 1:13:00]} Nf6 {[%clk 1:22:29]} 13. Qc2 {[%clk 1:08:10]} c5
{[%clk 1:22:11]} 14. dxc5 {[%clk 1:06:25]} bxc5 {[%clk 1:20:28]} 15. Bb2
{[%clk 1:04:59]} Qc7 {[%clk 1:14:29]} 16. Bxf6 {[%clk 1:00:57]} gxf6
{[%clk 1:14:39]} 17. h3 {[%clk 1:01:24]} Rad8 {[%clk 1:07:40]} 18. Rad1
{[%clk 0:57:14]} Kg7 {[%clk 0:48:48]} 19. Nd2 {[%clk 0:53:28]} Bf4
{[%clk 0:45:34]} 20. Nf3 {[%clk 0:48:06]} Qa5 {[%clk 0:40:26]} 21. Nh4
{[%clk 0:38:41]} Bg5 {[%clk 0:33:48]} 22. Nf3 {[%clk 0:37:43]} Bf4
{[%clk 0:34:11]} 23. Nh4 {[%clk 0:38:06]} Bg5 {[%clk 0:22:41]} 24. Nf3
{[%clk 0:38:25]} Bxf3 {[%clk 0:22:37]} 25. Bxf3 {[%clk 0:38:41]} Bd2
{[%clk 0:23:02]} 26. Be4 {[%clk 0:32:32]} Qc3 {[%clk 0:15:09]} 27. Qxc3
{[%clk 0:25:06]} Bxc3 {[%clk 0:15:37]} 28. Rd3 {[%clk 0:24:07]} Bd4
{[%clk 0:13:40]} 29. g4 {[%clk 0:21:44]} Rd6 {[%clk 0:13:08]} 30. Kg2
{[%clk 0:20:43]} Rfd8 {[%clk 0:10:36]} 31. Rfd1 {[%clk 0:19:12]} h6
{[%clk 0:09:00]} 32. f4 {[%clk 0:18:14]} Kf8 {[%clk 0:09:23]} 33. Kf3
{[%clk 0:17:07]} Ke7 {[%clk 0:09:47]} 34. Ke2 {[%clk 0:16:11]} a5
{[%clk 0:08:46]} 35. a4 {[%clk 0:15:11]} f5 {[%clk 0:07:13]} 36. Bf3
{[%clk 0:10:18]} Kf6 {[%clk 0:07:15]} 37. Rf1 {[%clk 0:07:28]} Kg6
{[%clk 0:05:32]} 38. gxf5+ {[%clk 0:05:20]} Kxf5 {[%clk 0:05:04]} 39. Bg4+
{[%clk 0:05:25]} Kf6 {[%clk 0:05:24]} 40. Rfd1 {[%clk 0:04:35]} Rg8
{[%clk 0:05:11]} 41. Rf1 {[%clk 0:04:20]} Rb6 {[%clk 0:05:16]} 42. Kd1
{[%clk 0:03:39]} Ke7 {[%clk 0:04:44]} 43. Re1 {[%clk 0:03:17]} Rd6
{[%clk 0:04:13]} 44. Kc2 {[%clk 0:03:15]} Kd8 {[%clk 0:02:58]} 45. f5
{[%clk 0:02:47]} exf5 {[%clk 0:03:15]} 46. Bf3 {[%clk 0:02:05]} Re6
{[%clk 0:03:23]} 47. Red1 {[%clk 0:01:49]} Rg3 {[%clk 0:03:33]} 48. h4
{[%clk 0:01:56]} Kc7 {[%clk 0:03:36]} 49. h5 {[%clk 0:02:21]} Re5
{[%clk 0:03:52]} 50. Rf1 {[%clk 0:02:15]} f6 {[%clk 0:03:05]} 51. Bd1
{[%clk 0:02:18]} Rg5 {[%clk 0:02:24]} 52. Bf3 {[%clk 0:02:34]} Kd6
{[%clk 0:02:46]} 53. Kd1 {[%clk 0:02:18]} Rg3 {[%clk 0:02:50]} 54. Be2
{[%clk 0:02:26]} Rg2 {[%clk 0:02:40]} 55. Rd2 {[%clk 0:02:31]} Re3
{[%clk 0:01:48]} 56. Bd3 {[%clk 0:02:34]} Rgg3 {[%clk 0:01:03]} 57. Kc2
{[%clk 0:02:17]} Rgf3 {[%clk 0:01:00]} 58. Rxf3 {[%clk 0:02:06]} Rxf3
{[%clk 0:01:28]} 59. Rg2 {[%clk 0:02:10]} Rh3 {[%clk 0:01:42]} 60. Be2
{[%clk 0:01:04]} f4 {[%clk 0:01:47]} 61. Bd3 {[%clk 0:00:58]} f3 {[%clk 0:01:08]}
62. Rg4 {[%clk 0:01:26]} Rxh5 63. Rf4 Rh2+ {[%clk 0:00:59]} 64. Kd1
{[%clk 0:02:19]} f2 {[%clk 0:00:41]} 65. Bf1 {[%clk 0:02:29]} Rh1
{[%clk 0:00:47]} 66. Ke2 {[%clk 0:02:58]} Ke5 {[%clk 0:00:36]} 67. Rg4
{[%clk 0:03:24]} f5 {[%clk 0:00:58]} 68. Rg8 {[%clk 0:03:53]} Rh4
{[%clk 0:00:42]} 69. Re8+ {[%clk 0:04:12]} Kf6 {[%clk 0:01:06]} 70. Ra8
{[%clk 0:04:40]} Re4+ {[%clk 0:01:27]} 71. Kf3 {[%clk 0:05:09]} Re3+
{[%clk 0:00:51]} 72. Kg2 {[%clk 0:05:10]} f4 {[%clk 0:01:10]} 73. Rf8+
{[%clk 0:04:36]} Kg5 {[%clk 0:01:23]} 74. Rg8+ {[%clk 0:04:30]} Kh4
{[%clk 0:01:22]} 75. Kh2 {[%clk 0:04:45]} Re1 {[%clk 0:01:13]} 0-1

[Event "Asian Club CUp 2014"]
[Site "?"]
[Date "2014.06.23"]
[Round "3.5"]
[White "Noah, A .H. Al-Ali"]
[Black "Kostenko, Petr"]
[Result "0-1"]
[LiveChessVersion "1.4.3"]
[BlackElo "2484"]
[WhiteElo "2334"]

1. e4 e5 2. Nf3 Nc6 3. Bb5 a6 4. Bxc6 dxc6 5. Nc3 g6 6. d4 exd4 7. Qxd4 Qxd4 8.
Nxd4 Bd7 9. Bf4 O-O-O 10. O-O-O Bg7 11. f3 h6 12. h4 Ne7 13. Rhe1 b6 14. e5 c5
15. Nde2 Be6 16. Rxd8+ Rxd8 17. Ng3 Nc6 18. Nce4 Bxa2 19. b3 c4 20. Kb2 cxb3 21.
cxb3 Nb4 22. Nf2 Rd3 0-1